000 00315nam a22001457a 4500
020 _a0-486-46157-2
082 _a510
_b`STI/H
100 _aSTICKER/HENRY
245 _aHOW TO CALCULATE QUICKLY
260 _aNOIDA
_bDOVER PUBLICATIONS INC
_c1955
300 _a183
520 _aMATHS
650 _aG.K
942 _cBK
999 _c6741
_d6741